Olympics medal table - Wrestling - Statistics

General Stats
  • This quiz has been taken 68 times
  • The average score is 10 of 15
Answer Stats
Total Gold Silver Bronze Nation % Correct
142 57 45 40 United States
98%
59 31 14 14 Russia
95%
76 37 22 17 Japan
92%
47 11 15 21 Iran
76%
37 5 12 11 Germany
73%
66 29 18 19 Turkey
73%
116 62 31 23 Soviet Union
66%
27 11 6 10 Cuba
64%
27 5 9 13 Poland
59%
36 11 11 14 South Korea
58%
71 16 38 23 Bulgaria
54%
34 7 8 19 Romania
54%
56 20 17 19 Hungary
51%
86 28 27 31 Sweden
46%
83 26 28 29 Finland
41%
No matching quizzes found
Score Distribution
Percent of People with Each Score
Percentile by Number Answered
Your Score History
You have not taken this quiz